| 000 | 00730nam a2200229Ia 4500 | ||
|---|---|---|---|
| 003 | BUBTL | ||
| 008 | 151213s9999 xx 000 0 und d | ||
| 020 | _a9788180547294 | ||
| 082 | _a651.75/ P1708e/ 2011 | ||
| 100 |
_aPal, Rajendra _94391 |
||
| 245 |
_aEssentials of Business Communication / _cRajendra Pal, J. S. Korlahalli |
||
| 250 | _a13th Edn. | ||
| 260 |
_aNew Delhi: _bSultan Chand & Sons, _cc2011 |
||
| 300 |
_axxi, 1000 p.: _c23 cm. |
||
| 505 | _aEssentials of Business Communication, Rajendra Pal, J. S. Korlahalli | ||
| 650 | _aBusiness | ||
| 650 |
_aBusiness _94393 |
||
| 700 |
_aKorlahalli, J. S. _94392 |
||
| 856 |
_k0 _l0 _yDownload |
||
| 942 |
_2ddc _cBK |
||
| 999 |
_c2115 _d2115 |
||